Biblioteca

En generación y generación : (Registro nro. 68730)

Detalles MARC
000 -LÍDER
Campo fijo de descripción fija 01282nam a2200289 i 4500
001 - NÚMERO DE CONTROL
Campo de control 768714001
003 - IDENTIFICADOR DEL NÚMERO DE CONTROL
Campo de control CO-MdFUSB
005 - FECHA Y HORA DE LA ULTIMA TRANSACCIÓN
control field 20240626115846.0
007 - CAMPO FIJO DE DESCRIPCIÓN FIJA--INFORMACIÓN GENERAL
Campo fijo de descripción fija ta
008 - ELEMENTOS DE LONGITUD FIJA -- INFORMACIÓN GENERAL
Campo fijo de descripción fija -- Información general 230417t1989 gt ca||| |||| 00| 0 spa d
020 ## - NÚMERO INTERNACIONAL NORMALIZADO PARA LIBROS
Información adicional [No incluye ISBN]
040 ## - FUENTE DE CATALOGACIÓN
Agencia de catalogación original CO-MdFUSB
Idioma de catalogación spa
Agencia que realiza la transcripción CO-MdFUSB
Agencia que realiza la modificación CO-MdFUSBC
Convenciones de la descripción rda
041 ## - CÓDIGO DE IDIOMA
Código de idioma para texto/pista de sonido o título separado spa
082 ## - NÚMERO DE CLASIFICACIÓN DECIMAL DEWEY
Número de la edición del Dewey 23
Número de clasificación 280.0903
Clave de autor-Numero de item N973
100 ## - ASIENTO PRINCIPAL--NOMBRE PERSONAL
Nombre personal Núñez C., Emilio Antonio,
Término relacionador autor
245 1# - TÍTULO
Título del Material En generación y generación :
Parte restante del título - Subtitulo apuntes para una historia del Instituto Biblico y Seminario Teologico Centroamericano 1929 - 1989
Mención de responsabilidad, etc. / Emilio Antonio, Núñez C.
264 #0 - PRODUCCIÓN, PUBLICACIÓN, DISTRIBUCIÓN, MANUFACTURA, Y COPYRIGHT
Lugar de producción, publicación, distribución, manufactura Guatemala :
Nombre del productor, publicador, distribuidor Seminario Teológico Centroamericano (SETECA),
Fecha de producción, publicación, distribución, manufactura, o copyright [1989]
300 ## - DESCRIPCIÓN FÍSICA
Extensión 128 páginas
Dimensiones ; 21 cm
336 ## - TIPO DE CONTENIDO
Fuente rdacontent
Término de tipo de contenido texto
Código de tipo de contenido txt
337 ## - TIPO DE MEDIO
Fuente rdamedia
Nombre del tipo de medio sin mediación
Código del tipo de medio n
338 ## - TIPO DE SOPORTE
Fuente rdacarrier
Nombre del tipo de soporte volumen
Código Tipo de soporte nc
505 ## - NOTA DE CONTENIDO
Nota de contenido con formato preestablecido Orígenes de la Misión Centroamericana. -- Primeros intentos en la formación de líderes nacionales. -- Fundación del Instituto Bíblico Centroamericano. -- Tiempos de consolidación y crecimiento: 1931-1950. -- Los siguientes diez años. -- Años de crisis: 1962-1964. -- ¡Hacia adelante! 1965-1973. -- Dios da el crecimiento: 1974-1989.
563 ## - NOTA DE ENCUADERNACIÓN
Nota de encuadernación Rústico
650 #0 - ASIENTO SECUNDARIO DE MATERIA - TERMINO TEMÁTICO
9 (RLIN) 362
Término temático o nombre geográfico como elemento de entrada Evangelización
942 ## - TIPO DE MATERIAL (KOHA)
Tipo de Item KOHA Libros General
945 ## - INFORMACIÓN LOCAL DEL REGISTRO
Catalogador JTF-925
Existencias
Estado de Material Estado de Perdido Forma de Clasificación Estado de Dañado No para Préstamo Colección Biblioteca de Origen Biblioteca Permanente Fecha de Adquisición Área Total de Préstamos Signatura Topográfica Código de Barras Última vez visto Ejemplar/Existencia Fecha de Remplazo Tipo de Material
    Dewey Decimal Classification     Colección General Biblioteca FUSBC Biblioteca FUSBC 17/04/2023 MISIONES / EVANGELISMO   G 280.0903 N973g 24110 17/04/2023 Ej. 1 17/04/2023 Libros General

Biblioteca FUSBC | Teléfono: (57+4) 349 88 10 Ext. 141| WhatsApp (+57) 3005338115 
E-mail: biblioteca@unisbc.edu.co | Calle 76 87-14 Robledo Palenque, Medellín, Colombia

Con tecnología Koha